BIBLIOTECA

SENCICO

Cuestiones de Geotecnia y Cimientos (Registro nro. 1045)

Detalles MARC
000 -LEADER
fixed length control field 00628nam a2200253Ia 4500
005 - DATE AND TIME OF LATEST TRANSACTION
control field 20251020182457.0
008 - FIXED-LENGTH DATA ELEMENTS--GENERAL INFORMATION
fixed length control field 200515s9999 xx 000 0 und d
020 ## - INTERNATIONAL STANDARD BOOK NUMBER
International Standard Book Number 978-84-7721-985-9
082 ## - DEWEY DECIMAL CLASSIFICATION NUMBER
Classification number 624.131/I99C
100 ## - MAIN ENTRY--PERSONAL NAME
Personal name Izquierdo Silvestre, Francisco Ángel
245 #0 - TITLE STATEMENT
Title Cuestiones de Geotecnia y Cimientos
250 ## - EDITION STATEMENT
Edition statement 1a ed.
260 ## - PUBLICATION, DISTRIBUTION, ETC.
Place of publication, distribution, etc. Valencia
260 ## - PUBLICATION, DISTRIBUTION, ETC.
Name of publisher, distributor, etc. Universitat Politècnica de València
260 ## - PUBLICATION, DISTRIBUTION, ETC.
Date of publication, distribution, etc. 2011
300 ## - PHYSICAL DESCRIPTION
Extent 227 p.
300 ## - PHYSICAL DESCRIPTION
Other physical details il., tbl., graf.
500 ## - GENERAL NOTE
General note 2 ejemplares
650 ## - SUBJECT ADDED ENTRY--TOPICAL TERM
Topical term or geographic name entry element CIMIENTOS
650 ## - SUBJECT ADDED ENTRY--TOPICAL TERM
Topical term or geographic name entry element GEOTECNIA
942 ## - ADDED ENTRY ELEMENTS (KOHA)
Koha item type Libros
Existencias
Fecha de la última vez que lo usaron Pago total Signatura topográfica completa Código de barras Precio efectivo desde Tipo de documento Estado perdido Estado dañado No es para préstamo Retirado Ubicación permanente Ubicación actual Fecha de adquisición Número de ejemplar
15/05/2020   624.131/I99C Bib-Lima15051045 15/05/2020 Libros         Biblioteca Central Lima Biblioteca Central Lima 15/05/2020  
15/05/2020   624.131/I99C Bib-Lima16051045 15/05/2020 Libros         Biblioteca Central Lima Biblioteca Central Lima 15/05/2020 Ej.2